|
|
|
|
| LEADER |
01166nam a2200277 u 4500 |
| 001 |
10037512 |
| 003 |
GR-PaULI |
| 005 |
20210117211012.0 |
| 008 |
000207s1997 ne e eng |
| 952 |
|
|
|0 0
|1 0
|2 ddc
|4 0
|6 302_224000000000000_4_LIT
|7 0
|9 236945
|a LISP
|b LISP
|c BSC
|d 2019-11-07
|i 056932
|l 0
|o 302.224 4 LIT
|p 025000080613
|r 2019-11-07 00:00:00
|t 1
|v 2019.00
|w 2019-11-07
|y BK15
|
| 999 |
|
|
|c 143351
|d 143351
|
| 020 |
|
|
|a 07923445967
|
| 040 |
|
|
|a GR-PaULI
|c GR-PaULI
|b gre
|e AACR2
|
| 082 |
|
|
|2 23
|a 302.224 4
|
| 245 |
0 |
0 |
|a Literacy /
|c edited by Viv Edwards and David Corson.
|
| 260 |
|
|
|a Dordrecht ;
|a Boston :
|b Kluwer,
|c 1997.
|
| 300 |
|
|
|a xvi, 250 σ. ;
|c 25 εκ.
|
| 490 |
1 |
|
|a Encyclopedia of language and education (Kluwer)
|v 2.
|
| 500 |
|
|
|a
|
| 504 |
|
|
|a Περιλαμβάνει βιβλιογραφικές παραπομπές και ευρετήριο.
|
| 650 |
|
4 |
|9 131119
|a Κατάκτηση της γλώσσας
|
| 700 |
1 |
|
|a Edwards, Viv
|e επιμελητής.
|9 25070
|
| 700 |
1 |
|
|a Corson, David
|e επιμελητής.
|9 25068
|
| 830 |
|
0 |
|9 178725
|a Encyclopedia of language and education (Kluwer)
|v 2.
|
| 942 |
|
|
|2 ddc
|c BK15
|
| 998 |
|
|
|c ΜΠΟΥΡΑΣ
|d 2019-11
|